عرض عادي
عرض مارك
- المبرد، عبد الله بن عبد العزيز
مدخل إسم شخص
001 - رقم الضبط
- حقل الضبط: 2135
003 - معرف رقم الضبط
- حقل الضبط: OSt
005 - تاريخ ووقت أخر عملية
- حقل الضبط: 20110806070504.0
008 - عناصر بيانات ثابتة الطول
- حقل تحكم ثابت الطول: 110806|||a|||||| | ||| d
040 ## - مصدر الفهرسة
- هيئة الفهرسة الأصلية: OSt
- وكالة الكتابة: OSt
100 ## - مدخل -- أسم شخص
- إسم شخص: المبرد، عبد الله بن عبد العزيز
- مصطلح الرابط: مقدم.
670 ## - بيانات المصدر موجوده
- الاستشهاد بالمصدر: Work cat.: (OSt): القرش، جمال بن إبراهيم 348, براعم الإسلام في العلوم الشرعية :, 2008
